Marvel Ultimate Character Quiz - Statistics

General Stats
  • This quiz has been taken 59 times
  • The average score is 97 of 174
Answer Stats
Hint Answer % Correct
Billionaire playboy who created a suit made of metal that can fly Iron Man
100%
When he gets angry, he becomes big and green Hulk
92%
Love interest of above Pepper Potts
92%
Is best friends with #1 and uses a black and white flying suit War Machine
92%
A hammer wielding God of Thunder Thor
88%
the God of Mischief Loki
86%
A mad titan seeking the infinity stones Thanos
86%
A soldier from the '40s who was given Super Soldier Serum to become Captain _______ Captain America
84%
He has a set of mechanical wings that let him fly Falcon
84%
A web-slinging hero from Queens Spiderman
82%
A green alien in love with the above Gamora
80%
An ace archer who is a member of the Avengers Hawkeye
80%
Daughter of Thanos, Cyborg Nebula
80%
He fell off a train during WWII and was kidnapped and brainwashed by Hydra Winter Soldier
80%
Adamantium claws Wolverine
80%
A Mutant who shoots concussive beams from his eyes Cyclops
78%
A villain who rides on a glider and terrorizes the streets using pumpkin bombs Green Goblin
78%
A Mutant who believes in mutant freedoms and controls metals Magneto
78%
The man with the eye-patch who created the Avengers Nick Fury
78%
The father of the God of Thunder Odin
78%
Lawyer who received a blood transfusion from above, causing her to have the same affects She-Hulk
78%
His alter-ego is Peter Quill Star Lord
78%
A man who can shrink and grow using Pym Particles Ant Man
76%
The King of Wakanda Black Panther
76%
A Russian Spy who joined S.H.I.E.L.D. and the Avengers Black Widow
76%
A Mutant merc who is slightly crazy Deadpool
76%
"I am _____" Groot
76%
The Goddess of Death Hela
76%
Love interest of above Peggy Carter
76%
A general who was exposed to Gammar Radiation and became a red version of #10 Red Hulk
76%
A Mutant who controls the weather Storm
76%
He is made of rocks The Thing
76%
An evil android created by accident by Tony Stark that is bent on eliminating all of mankind Ultron
76%
A blue Mutant who is also a genius Beast
73%
A hero in Hell's Kitchen who is blind Daredevil
73%
Spiderman's love interest MJ
73%
The founder of the X men who is a powerful telepath Professor X
73%
A Spiderman villain who can turn into sand Sandman
73%
An android created by Tony Stark using the Mind Stone Vision
73%
She was previously a pilot until kidnapped by the Kree Captain Marvel
71%
A Spiderman villain who has four robotic arms Doctor Octopus
71%
'Flame On' Human Torch
71%
A Mutant with powerful telepathic capabilities Jean Grey
71%
He can stretch himself Mr. Fantastic
71%
A villain of Siderman who uses powerful illusions Mysterio
71%
A Muatnt who has the ability to run VERY fast Quicksilver
71%
Founder and leader of an evil organization called Hydra Red Skull
71%
Not a rabbit Rocket Raccoon
71%
Uses whips with electric charges powered by an arch reactor Whiplash
71%
The Sorcerer Supreme Doctor Strange
69%
The Destroyer whose family was killed by Ronan Drax
69%
A celestial who is the father of Peter Quill Ego
69%
Used an arch reactor to create a massive suit similar to the suit of #1 Iron Monger
69%
One of Asgard's most elite soldiers who ride into battle on the back of a Pegasus Valkyrie
69%
A winged enemy of above Vulture
69%
A blue alien who uses the Yaka arrow Yondu
69%
A Spiderman villain who controls electricity Electro
67%
A Mutant who can create ice and is made of ice Iceman
67%
She can turn invisible Invisible Woman
67%
She has two antennae and can sense others emotions Mantis
67%
A shapeshifting blue Mutant who sides with above Mystique
67%
A woman who can shrink and fly using Pym Particles Wasp
67%
A former soldier who was given Super Soldier Serum and Gammar Radiation to defeat #10 Abomination
65%
She can become invisible and intangible Ghost
65%
Her alter-ego is Kamala Khan Ms. Marvel
65%
Another blue Mutant, but this one teleports Nightcrawler
65%
The daughter of Magneto, also an Avenger Scarlet Witch
65%
His father's name is Xu Wenwu Shang-Chi
65%
The herald of Galactus Silver Surfer
65%
A villain who turned reptilian after trying to grow his arm back The Lizard
65%
The main villain of the Fantastic Four Doctor Doom
63%
He eats worlds Galactus
63%
A biker who died in an accident but made a deal with the devil to return Ghost Rider
63%
A Mutant who has feathery wings Angel
61%
He was responsible for brainwashing above Baron Zemo
61%
A Mutant who can turn his skin into organic metal Colossus
61%
A master of chi whose name contains the word fist Iron Fist
61%
Spiderman's best friend also known as the guy in the chair Ned Leeds
61%
A Mutant who steals others powers with a touch Rogue
61%
The sister of the King of Wakanda Shuri
61%
Friend of the above who is also a sorcerer Wong
61%
The cousin of the King of Wakanda Killmonger
59%
The female version of #16 Mighty Thor
59%
A version of Spiderman who has a black and red suit Miles Morales
59%
His alter-ego is Mark Spector Moonknight
59%
A Spiderman villain who has a big horn on his head Rhino
59%
Her alter-ego is Gwen Stacy Spider Gwen
59%
Bodyguard of #1 Happy Hogan
57%
A giant pile of rocks who was trapped in a Sakarrian prison who can talk Korg
57%
He rules over Atlantis Namor
57%
His alter-ego is Frank Castle Punisher
57%
A member of the Guardians of the Galaxy who is a talking dog Cosmo
55%
The love interest of above who is also a vigilante Elektra
55%
A crime boss in Hell's Kitchen whose first name is Wilson Kingpin
55%
An agent of shield who's last name starts with H Maria Hill
55%
The accuser Ronan
55%
A Mutant who lives for a long time, heals fast and has claws (not Wolverine) Sabretooth
55%
A giant fiery being bent on bringing Ragnarök to Asgard Surtur
55%
Ruler of the Dark Dimension Dormammu
53%
A Mutant who can charge through almost any material Juggernaut
53%
Competitor of #1 who is the founder of Hammer Industries Justin Hammer
53%
The royal guard of the King of Wakanda Okoye
53%
Her alter-ego is Jessica Drew Spider Woman
53%
A Mutant who can charge objects with kinetic energy Gambit
51%
A duck who can speak and lives in space Howard the Duck
51%
A Mutant who creates what look like firework displays Jubilee
51%
Hero for Hire Luke Cage
51%
An alien called a Dark Elf who leads the other Dark Elves Malekith
51%
Previous leader of the sorcerers Ancient One
49%
A scientist from the '40s who uploaded himself to a computer Arnim Zola
49%
A Mutant wo can create loud screeching sounds Banshee
49%
Child of the above with the power of Telekenises Ebony Maw
49%
A Mutant who can make her body as hard as diamond Emma Frost
49%
A pig who was bitten by a radioactive spider Spider Ham
49%
A version of Spiderman from the year 2099 Spiderman 2099
49%
He tried to re-create Pym Particles by becoming the _________ Yellowjacket
49%
The original Mutant who has four horsemen Apocalypse
47%
An amazing shot with darts and knives Bullseye
47%
His alter-ego is Samuel Sterns The Leader
47%
He watches over all universes The Watcher
47%
Main S.H.I.E.L.D. agent in Agents of S.H.I.E.L.D. Agent Coulson
45%
King of the Inumans Black Bolt
45%
A Mutant who is the son of Scott Summers ad Jean Grey Cable
45%
A man who wields the Necro Sword, bent on killing all Gods Gorr the God Butcher
45%
She debuted in a comic series called Alias Jessica Jones
45%
His alter-ego is Brock Rumlow Crossbones
43%
He destroys entire timelines and universes Kang
43%
A Mutant who can phase through objects Kitty Pryde
43%
Mental Organism Designed Only For Killing M.O.D.O.K.
43%
A Spiderman villain who has a big stinger coming from his back Scorpion
43%
A Mutant who can turn his body into Solar Energy Sunspot
43%
A Mutant who time-travels and can absorb energy blasts and re-distribute them Bishop
41%
Child of the mad titan with a strong spear Corvus Glaive
41%
Her alter-ego is Riri Williams Ironheart
41%
Also known as Agent-13 Sharon Carter
41%
#10's son who was born on the planet Sakaar Skaar
41%
Child of the mad titan with a BIG punch Cull Obsidian
39%
A Mutant who can absorb ambient energy Havok
39%
A Spiderman villain who can control animals Kraven The Hunter
39%
A Mutant who uses plasma blades Psylocke
39%
She is an Inhuman who can create shock waves Quake
39%
He has a shield with red and grey Red Guardian
39%
He quit being a sorcerer because he thought there were too many Baron Mordo
37%
He uses sound to steal vibranium Klaw
37%
A swamp creature that is known as _______ Man-Thing
37%
CEO of Advanced Idea Mechanics Aldrich Killian
35%
A BIG Mutant who has rubbery skin strong enough to deflect missiles Blob
35%
A Mutant who can create anything that they can think of Forge
33%
Wife of the above Medusa
33%
Uses a sword and a shield Taskmaster
33%
She is deaf and illiterate Echo
31%
A big teleporting dog Lockjaw
31%
She can teleport through multiverses using Star Shaped Portals America Chaves
29%
His alter-ego is Bill Foster Goliath
29%
A Mutant who has the power of magnetism manipulation Polaris
29%
A Mutant often described a 'Hothead' Pyro
29%
He becomes a horrid beast at a full moon Werewolf by Night
29%
She can control elements Crystal
27%
He has extreme agility Karnak
24%
The first ever villain of the Fantastic Four in the comics Mole Man
24%
A scientist from the 1800s who dissects mutants to prolong his life Mr. Sinister
24%
Love interest of above Melinda May
22%
A Mutant who can transform into other people and adopt their powers Morph
22%
A Spiderman villain who has large claws Prowler
22%
A Mutant who has the ability of sound conversion Dazzler
20%
Ruler of the negative Zone Annihilus
18%
A Mutant who can duplicate the abilities of up to five mutants Mimic
18%
A Mutant with the ability to absorb solar radiation Sunfire
18%
She is an Inhuman that can run very fast in one heartbeat Yoyo
16%
A Mutant who has two bone claws in each hand Daken
14%
He has goat hooves Gorgon
14%
A human who is a technopath who can hear metal Bastion
8%
An international spy who is a Defenders villain Kilgrave
4%
A Mutant who can access energy from the Darkforce Dimension Darkstar
2%
No matching quizzes found
Score Distribution
Percent of People with Each Score
Percentile by Number Answered
Your Score History
You have not taken this quiz